<?xml version="1.0" encoding="UTF-8"?>
<record
    xmlns:xsi="http://www.w3.org/2001/XMLSchema-instance"
    xsi:schemaLocation="http://www.loc.gov/MARC21/slim http://www.loc.gov/standards/marcxml/schema/MARC21slim.xsd"
    xmlns="http://www.loc.gov/MARC21/slim">

  <leader>01945nam a22001697a 4500</leader>
  <controlfield tag="003">SGT</controlfield>
  <datafield tag="020" ind1=" " ind2=" ">
    <subfield code="a">9780071067850</subfield>
  </datafield>
  <datafield tag="082" ind1=" " ind2=" ">
    <subfield code="a">658.15,KHA</subfield>
  </datafield>
  <datafield tag="100" ind1=" " ind2=" ">
    <subfield code="a">KHAN,MY</subfield>
  </datafield>
  <datafield tag="245" ind1=" " ind2=" ">
    <subfield code="a">FINANCIAL MANAGEMENT</subfield>
  </datafield>
  <datafield tag="250" ind1=" " ind2=" ">
    <subfield code="a">6TH</subfield>
  </datafield>
  <datafield tag="260" ind1=" " ind2=" ">
    <subfield code="a">NEW DELHI</subfield>
    <subfield code="b">TMH</subfield>
    <subfield code="c">2011</subfield>
  </datafield>
  <datafield tag="300" ind1=" " ind2=" ">
    <subfield code="a">V.P</subfield>
  </datafield>
  <datafield tag="650" ind1=" " ind2=" ">
    <subfield code="a">FINANCIAL MANAGEMENT</subfield>
  </datafield>
  <datafield tag="653" ind1=" " ind2=" ">
    <subfield code="a">PART 1: FOUNDATION OF FINANCE 1. FINANCIAL MANAGEMENT&#x2014;AN OVERVIEW 2. TIME VALUE OF MONEY 3. RISK AND RETURN 4. VALUATION OF BONDS AND SHARES PART 2: FINANCIAL ANALYSIS, PROFIT PLANNING AND CONTROL 5. CASH FLOW STATEMENT 6. FINANCIAL STATEMENTS ANALYSIS 7. VOLUME-COST-PROFIT ANALYSIS 8. BUDGETING AND PROFIT PLANNING PART 3: LONG-TERM INVESTMENT DECISION 9. CAPITAL BUDGETING I: PRINCIPLES AND TECHNIQUES 10. CAPITAL BUDGETING II: ADDITIONAL ASPECTS 11. CONCEPT AND MEASUREMENT OF COST OF CAPITAL 12. ANALYSIS OF RISK AND UNCERTAINTY PART 4: CURRENT ASSETS MANAGEMENT 13. WORKING CAPITAL MANAGEMENT&#x2014;AN OVERVIEW 14. MANAGEMENT OF CASH AND MARKETABLE SECURITIES 15. RECEIVABLES MANAGEMENT 16. INVENTORY MANAGEMENT 17. WORKING CAPITAL FINANCING PART 5: FINANCING DECISION 18. OPERATING, FINANCIAL AND COMBINED LEVERAGE 19. CAPITAL STRUCTURE, COST OF CAPITAL AND VALUATION 20. DESIGNING CAPITAL STRUCTURE PART 6: LONG-TERM FINANCING 21. CAPITAL MARKETS 22. EQUITY/ORDINARY SHARES 23. TERM LOANS, DEBENTURES/BONDS AND SECURITISATION 24. HYBRID FINANCING/INSTRUMENTS 25. LEASE FINANCING AND HIRE-PURCHASE FINANCE 26. VENTURE CAPITAL FINANCING PART 7: RISK MANAGEMENT 27. OPTION VALUATION 28. DERIVATIVES: MANAGING FINANCIAL RISK 29. CORPORATE GOVERNANCE PART 8: DIVIDEND DECISION 30. DIVIDEND AND VALUATION 31. DETERMINANTS OF DIVIDEND POLICY PART 9: VALUATION AND CORPORATE RESTRUCTURING 32. BUSINESS VALUATION 33. CORPORATE RESTRUCTURING PART 10: INTERNATIONAL FINANCE 34. FOREIGN EXCHANGE MARKETS AND DEALINGS 35. FOREIGN EXCHANGE EXPOSURE AND RISK MANAGEMENT 36. INTERNATIONAL FINANCIAL MANAGEMENT</subfield>
  </datafield>
  <datafield tag="942" ind1=" " ind2=" ">
    <subfield code="2">ddc</subfield>
    <subfield code="c">FCM</subfield>
    <subfield code="0">5</subfield>
  </datafield>
  <datafield tag="952" ind1=" " ind2=" ">
    <subfield code="0">0</subfield>
    <subfield code="1">0</subfield>
    <subfield code="2">ddc</subfield>
    <subfield code="4">0</subfield>
    <subfield code="7">0</subfield>
    <subfield code="8">CM</subfield>
    <subfield code="a">SSSL</subfield>
    <subfield code="b">SSSL</subfield>
    <subfield code="c">DISPLAY</subfield>
    <subfield code="d">2016-06-16</subfield>
    <subfield code="e">UBSPD</subfield>
    <subfield code="g">450.00</subfield>
    <subfield code="i">SGTU</subfield>
    <subfield code="l">21</subfield>
    <subfield code="m">2</subfield>
    <subfield code="o">658.15,KHA</subfield>
    <subfield code="p">CM369</subfield>
    <subfield code="r">2023-04-11 00:00:00</subfield>
    <subfield code="s">2023-04-11</subfield>
    <subfield code="w">2014-10-21</subfield>
    <subfield code="y">FCM</subfield>
    <subfield code="k">362357</subfield>
  </datafield>
  <datafield tag="952" ind1=" " ind2=" ">
    <subfield code="0">0</subfield>
    <subfield code="1">0</subfield>
    <subfield code="2">ddc</subfield>
    <subfield code="4">0</subfield>
    <subfield code="7">0</subfield>
    <subfield code="8">CM</subfield>
    <subfield code="a">SSSL</subfield>
    <subfield code="b">SSSL</subfield>
    <subfield code="c">DISPLAY</subfield>
    <subfield code="d">2016-06-16</subfield>
    <subfield code="e">UBSPD</subfield>
    <subfield code="g">450.00</subfield>
    <subfield code="i">SGTU</subfield>
    <subfield code="l">21</subfield>
    <subfield code="m">2</subfield>
    <subfield code="o">658.15,KHA</subfield>
    <subfield code="p">CM370</subfield>
    <subfield code="r">2024-05-28 00:00:00</subfield>
    <subfield code="s">2024-05-28</subfield>
    <subfield code="w">2014-10-21</subfield>
    <subfield code="y">FCM</subfield>
    <subfield code="k">362357</subfield>
  </datafield>
  <datafield tag="952" ind1=" " ind2=" ">
    <subfield code="0">0</subfield>
    <subfield code="1">0</subfield>
    <subfield code="2">ddc</subfield>
    <subfield code="4">0</subfield>
    <subfield code="7">0</subfield>
    <subfield code="8">CM</subfield>
    <subfield code="a">SSSL</subfield>
    <subfield code="b">SSSL</subfield>
    <subfield code="c">DISPLAY</subfield>
    <subfield code="d">2016-06-16</subfield>
    <subfield code="e">UBSPD</subfield>
    <subfield code="g">450.00</subfield>
    <subfield code="i">SGTU</subfield>
    <subfield code="l">19</subfield>
    <subfield code="m">2</subfield>
    <subfield code="o">658.15,KHA</subfield>
    <subfield code="p">CM371</subfield>
    <subfield code="r">2018-02-12 00:00:00</subfield>
    <subfield code="s">2018-01-29</subfield>
    <subfield code="w">2014-10-21</subfield>
    <subfield code="y">FCM</subfield>
    <subfield code="k">362357</subfield>
  </datafield>
  <datafield tag="952" ind1=" " ind2=" ">
    <subfield code="0">0</subfield>
    <subfield code="1">0</subfield>
    <subfield code="2">ddc</subfield>
    <subfield code="4">0</subfield>
    <subfield code="7">0</subfield>
    <subfield code="8">CM</subfield>
    <subfield code="a">SSSL</subfield>
    <subfield code="b">SSSL</subfield>
    <subfield code="c">DISPLAY</subfield>
    <subfield code="d">2016-06-16</subfield>
    <subfield code="e">UBSPD</subfield>
    <subfield code="g">450.00</subfield>
    <subfield code="i">SGTU</subfield>
    <subfield code="l">16</subfield>
    <subfield code="o">658.15,KHA</subfield>
    <subfield code="p">CM372</subfield>
    <subfield code="r">2018-05-11 00:00:00</subfield>
    <subfield code="s">2018-04-30</subfield>
    <subfield code="w">2014-10-21</subfield>
    <subfield code="y">FCM</subfield>
    <subfield code="k">362357</subfield>
  </datafield>
  <datafield tag="999" ind1=" " ind2=" ">
    <subfield code="c">9068</subfield>
    <subfield code="d">9068</subfield>
  </datafield>
</record>
